000 00825aam a2200289 i 4500
001 768714001
003 CO-MdFUSB
005 20250529160807.0
007 ta
008 250529t1999 sp a|||| |||| 00| 0 spa d
020 _a84-8267-100-6
040 _cCO-MdFUSB
041 0 _aspa
082 0 4 _223
_a248.8
_bS7831e
100 1 _aStamateas, Bernardo
_eautor
245 1 0 _aEducación sexual para la familia :
_blibertándonos de los traumas y la ignorancia sexual
_c/ Bernardo Stamateas
264 1 _bClie,
_aTerrassa, Barcelona, España :
_c[1999]
264 4 _c©1999
300 _a147 páginas
336 _atexto
_btxt
_2rdacontent
337 _2rdamedia
_asin mediación
_bn
338 _2rdacarrier
_avolumen
_bnc
563 _aRústico
650 1 0 _aFamilias
_9292
942 _cBK
945 _aElías Tolentino
999 _c36080
_d36080